000 01074nam a22003377a 4500
003 CHAP
005 20220329140749.0
008 971013s1979 r 00010 d
010 _a57241
011 _a58213
035 _a62368
040 _cCHAP
090 _aFolleto 6776
100 0 0 _aSlater, Peter J. B.
_9106860
245 _aSex hormones and behaviour
260 _aBaltimore, Md. :
_bUniversity Park,
_c1979
300 _a55 p.
_b: ilus. ; gráfs.
490 _aInstitute of Biology's. Studies in biology
_v; 103
590 _aBATCH-UPD
_b10
_c20130110
_lUCH01
_h0816
590 _aBATCH-UPD
_b10
_c20130410
_lUCH01
_h0453
590 _aBATCH-UPD
_b10
_c20130914
_lUCH01
_h1622
590 _aCONVERSION
_b10
_c20130109
_lUCH01
_h1331
650 1 4 _aAnimales
_xHabitos y conducta.
_95865
650 1 4 _aHormonas.
_956235
650 1 4 _aReproducción.
_996027
650 1 4 _aSexo (Biología)
_9105418
830 0 _aInstitute of Biology's. Studies in biology
_v; 103
_959025
901 _aBK
942 _cFOLL
949 _aFolleto 6776
_bBC
_cFOLL
_d-133721
_eTS1
_i62368
_si
999 _c57241
_d57241